Vodní turbíny,jejich konstrukce a příslušenství

Guardado en:
Detalles Bibliográficos
Autor principal: Nechleba, Miroslav (Autor)
Formato: Libro
Lenguaje:checo
Publicado: Praha : SNTL, 1962
Edición:2.rozš.vyd.
Etiquetas: Agregar Etiqueta
Sin Etiquetas, Sea el primero en etiquetar este registro!

MARC

LEADER 00000nam a22000003a 4500
001 stu269594
005 20150617230248.7
008 130702s--------cs------------------cze-d
040 |a STU  |b slo 
041 0 |a cze 
044 |a cs 
080 |a 621.24 
100 1 |a Nechleba, Miroslav  |4 aut 
245 1 |a Vodní turbíny,jejich konstrukce a příslušenství 
250 |a 2.rozš.vyd. 
260 |a Praha :  |b SNTL,  |c 1962 
300 |a 672 s 
996 |b 284V035122  |c V*7253/O-765  |l VVS  |s A  |a 24  |w stu269594_0001